000 00406nam a2200133Ia 4500
005 20260328101512.0
008 260328s9999||||xx |||||||||||||| ||und||
100 _aSociedad Colombiana de Arquitectos
245 0 _aAnuario de la Arquitectura en Colombia (V) /
_cSociedad Colombiana de Arquitectos
260 _bSociedad Colombiana de Arquitectos
300 _a316 p.
650 _aLATINOAMERICA
942 _cBK
999 _c9236
_d9236